000 00741nam a22002417a 4500
008 130915b xxu||||| |||| 00| 0 eng d
020 _a81-203-1682-7
024 _cAvailalge
037 _cAvailable
040 _aMBSTU LIBRARY
_dMBSTU LIBRARY
082 _222
_a621.38132 BAC
100 _aBaker, R Jacob.
245 _aCmos circuit design layout and simulation.
260 _aNew Delhi
_bPrentice Hall of India
_c2000
300 _a23 cm.
_b902 page
_f1
_g23 cm.
600 _2Electric engineering.
650 _2Electric engineering.
700 _aBaker, R Jacob.
270 _aNew Delhi
_bNew Delhi
_dIndia
365 _b474.00
_d474.00
942 _2ddc
_cBK
999 _c674
_d674